000
00415nam a22001217a 4500
040
_c
SK
082
_a
658
100
_a
CHAN SARUN
245
_a
ការវិភាគលើមុខរបរ និងការប្រើប្រាស់ធនធានមនុស្សក្នុងវិស័យកសិកម្មនៅកម្ពុជា
260
_a
RUA
_b
CHA
_c
1997
300
_a
90p.
942
_c
KB
999
_c
9001
_d
9001